|
|
|
|
| LEADER |
00000nam0a2200000 4500 |
| 001 |
55526 |
| 005 |
20231101211542.0 |
| 035 |
|
|
|a (RuTPU)RU\TPU\book\58278
|
| 090 |
|
|
|a 55526
|
| 100 |
|
|
|a 20030917d1986 km y0rusy50 ca
|
| 101 |
0 |
|
|a rus
|
| 102 |
|
|
|a RU
|
| 105 |
|
|
|a a z 001zy
|
| 200 |
1 |
|
|a Протяжки для обработки отверстий
|f Д. К. Маргулис, М. М. Тверской, В. Н. Ашихмин и др.
|
| 210 |
|
|
|a Москва
|c Машиностроение
|d 1986
|
| 215 |
|
|
|a 230 с.
|c ил.
|
| 225 |
1 |
|
|a Библиотека инструментальщика
|
| 320 |
|
|
|a Библиогр.: с. 228.
|
| 606 |
1 |
|
|a Отверстия
|x Обработка протягиванием
|x Протяжки
|x Точность
|2 stltpush
|3 (RuTPU)RU\TPU\subj\47645
|9 66567
|
| 610 |
1 |
|
|a протягивание
|
| 610 |
1 |
|
|a расчет
|
| 610 |
1 |
|
|a шлицевые отверстия
|
| 610 |
1 |
|
|a режимы резания
|
| 610 |
1 |
|
|a изготовление
|
| 675 |
|
|
|a 621.919.2
|v 3
|
| 701 |
|
1 |
|a Маргулис
|b Д. К.
|g Давид Константинович
|
| 701 |
|
1 |
|a Тверской
|b М. М.
|g Михаил Михайлович
|
| 701 |
|
1 |
|a Ашихмин
|b В. Н.
|g Владимир Николаевич
|
| 701 |
|
1 |
|a Климов
|b В. И.
|g Валерий Иванович
|
| 701 |
|
1 |
|a Сарайкин
|b А. М.
|g Андрей Михайлович
|
| 701 |
|
1 |
|a Столяров
|b В. С.
|g Владимир Сергеевич
|
| 801 |
|
1 |
|a RU
|b 63413507
|c 20030917
|g PSBO
|
| 801 |
|
2 |
|a RU
|b 63413507
|c 20230221
|g PSBO
|
| 942 |
|
|
|c BK
|